000 01069cam a2200265u 4500
999 _c127461
_d127461
001 6154618
003 ARRUPE
005 20180123112746.0
008 821214s1966 fr 000 0 fre
010 _a 68099168
040 _aDLC
_cCarP
_dDLC
041 1 _afre
_hpor
050 0 0 _aBX830 1962.A7
_bU51
100 1 _aBaraúna, Guilherme.
_938788
_eed.
245 1 2 _aL'Église de Vatican II ...
_cGuilherme Barauna
260 _aParis,
_bles Éditions du Cerf,
_c1966.
300 _a3 v.
_c22 cm.
440 _aUnam Sanctam
_n51b, 51c
_938789
650 0 _aChurch.
_xCatholic Church
_913540
700 1 _aCongar, Yves,
_d1904-1995,
_eed.
_9848
711 2 2 _aVatican Council
_n(2nd :
_d1962-1965 :
_cBasilica di San Pietro in Vaticano).
_tConstitutio dogmatica de ecclesia.
_938790
830 0 _aVatican II; textes et commentaires des décrets conciliaires. [from old catalog]
_938791
906 _a0
_bcbc
_cpremunv
_du
_encip
_f19
_gy-gencatlg
942 _2lcc
_cMONOGRAPH